Hodnotenie vplyvu dopytových šokov na ekonomiku Slovenska pomocou input-output analýzy

Aplikácia input-output modelov v podmienkach slovenskej ekonomiky. Analýza citlivosti produkcie na exogénne dopytové šoky v podobe fiškálnych stimulov.

Enregistré dans:
Détails bibliographiques
Auteur principal: Silanič, Peter, 1984-
Format: Chapitre de livre
Langue:slovaque
Sujets:
Tags: Ajouter un tag
Pas de tags, Soyez le premier à ajouter un tag!

MARC

LEADER 00000nla$a2200000$$$4500
001 0120309
005 20240502072340.8
041 0 |a slo 
044 |a SK 
245 1 0 |a Hodnotenie vplyvu dopytových šokov na ekonomiku Slovenska pomocou input-output analýzy  |c Peter Silanič 
520 |a Aplikácia input-output modelov v podmienkach slovenskej ekonomiky. Analýza citlivosti produkcie na exogénne dopytové šoky v podobe fiškálnych stimulov. 
610 2 0 |a dopyt 
610 2 0 |a input-output 
610 2 0 |a analýzy 
610 2 0 |a modely input-output 
610 2 0 |a vývoj hospodársky 
610 2 0 |a Slovensko 
100 1 |a Silanič, Peter, 1984-